000 00561nam a2200193Ia 4500
005 20260120132115.0
008 008 260114s9999 xx 000 0 eng d
020 _a9780197718506
037 _aEBOOK
040 _aCRL
_beng
_cCRL
041 _aeng
_2eng
084 _qCRL
100 _aLlewellyn
_9935023
245 4 _aThe Bramble Bush: The Classic Lectures to Law and Law Schools
260 _bOxford University PressOxford University Press
_c2023
856 _uhttps://academic.oup.com/book/50567
942 _cEBOOK
999 _c1526946
_d1526946